Nguyễn Thượng Hiền : Tuyển tập Thơ - Văn

Giới thiệu sơ lược về tác giả Nguyễn Thượng Hiền và các tác phẩm của ông, đặc biệt là thơ chữ Hán dịch từ Nam chi tập và các tác phẩm văn xuôi khác.

Guardado en:
Detalles Bibliográficos
Autor principal: Nguyễn, Thượng Hiền
Otros Autores: Chương, Thâu
Formato: Libro
Lenguaje:Undetermined
Publicado: H. Văn hóa Thông tin 2012
Materias:
Acceso en línea:http://lrc.tdmu.edu.vn/opac/search/detail.asp?aID=2&ID=20197
Etiquetas: Agregar Etiqueta
Sin Etiquetas, Sea el primero en etiquetar este registro!
Thư viện lưu trữ: Trung tâm Học liệu Trường Đại học Thủ Dầu Một
LEADER 01027nam a2200217Ia 4500
001 TDMU_20197
008 210410s9999 xx 000 0 und d
082 |a 895.92232 
090 |b NG527 
100 |a Nguyễn, Thượng Hiền 
245 0 |a Nguyễn Thượng Hiền : Tuyển tập Thơ - Văn 
245 0 |c Nguyễn Thượng Hiền; Chương Thâu sưu tầm và biên soạn 
260 |a H. 
260 |b Văn hóa Thông tin 
260 |c 2012 
300 |a 527tr. 
520 |a Giới thiệu sơ lược về tác giả Nguyễn Thượng Hiền và các tác phẩm của ông, đặc biệt là thơ chữ Hán dịch từ Nam chi tập và các tác phẩm văn xuôi khác. 
650 |a Văn học Việt Nam  |v Thơ; Văn xuôi Việt Nam 
700 |a Chương, Thâu 
856 |u http://lrc.tdmu.edu.vn/opac/search/detail.asp?aID=2&ID=20197 
980 |a Trung tâm Học liệu Trường Đại học Thủ Dầu Một